[Event "U.S. Championship 2023"]
[Site "St Louis"]
[Date "2023.10.17"]
[Round "11"]
[White "Mishra, Abhimanyu"]
[Black "Aronian, Levon"]
[Result "1-0"]
[WhiteElo "2592"]
[BlackElo "2742"]
[EventDate "2023.??.??"]
[Annotator "Bojkov,Dejan"]
[PlyCount "89"]
[Beauty "7357413220360"]
[EventCountry "USA"]

1.d4 {For this game, Mishra decided to surprise his opponent with the left-pawn move.} 1...Nf6 2.c4 g6 3.g3 Bg7 4.Bg2 O-O 5.Nc3 {White also revealed after the game that he expected his opponent to go for the KID. After yesterday's win, Aronian got a chance to fight for medals in case of a win, therefore such an assumption was extremely logical.} 5...Nc6 6.e3 d6 7.Nge2 e5 8.d5 {Fixing the center at once.} ( {Mamedyarov preferred instead a more flexible approach} 8.O-O Re8 9.b3 exd4 10.exd4 Ne7 11.Re1 d5 12.Nf4 c6 13.Ba3 dxc4 14.bxc4 Nf5 {but Black was doing well after the opening in the blitz game Mamedyarov,S (2764)-Wagner,D (2581) Chess.com INT 2020} ) 8...Ne7 ( {The knight may also move to the opposite side:} 8...Na5 9.b3 c5 10.dxc6 bxc6 11.Ba3 Ne8 12.O-O Qc7 13.Qd2 Be6 14.Rac1 {as in Ghaem Maghami,E (2596)-Niemann,H (2632) Almaty 2022} ) 9.b3 $5 {[%mdl 4] [%c_effect b3;square;b3;type;Interesting;persistent;true] [#] An interesting sideline. It should be noted that both players are practically still blitzing.} 9...Nd7 $146 {Aronian also blitzed out this novelty, not that it is a totally unexpected move in the KID...} ( {The predecessor game witnessed a relatively short draw after:} 9...Nf5 10.Bb2 e4 11.Qc2 Re8 12.h3 Qe7 13.O-O-O Bd7 14.Rhg1 h5 15.Kb1 a6 16.Nc1 b5 17.cxb5 axb5 18.b4 c5 19.dxc6 {1/2-1/2 (19) Smejkal,J (2520)-Stohl,I (2560) Ostrava 1994} ) 10.Bb2 f5 11.f4 $1 {[%c_effect f4;square;f4;type;GreatFind;persistent;true] \"I think this was quite a good decision.\" (Mishra) Indeed, by locking the center White deprives his opponent of interesting knight outposts. As for his light-squared bishop, Mishra knew he can always bring it back into the game via the f1-square.} 11...e4 12.Nd4 Nf6 13.O-O c5 14.dxc6 $1 {[%c_effect c6;square;c6;type;GreatFind;persistent;true] Also a good and necessary decision.} 14...bxc6 15.Qd2 a6 16.Rfd1 {The pressure along the d-file ties Black's hands, thus making his kingside play unlikely, at least for the time being.} 16...Qc7 ( {The immediate} 16...c5 {can be met with} 17.Nde2 Ne8 18.g4 $1 {[%c_effect g4;square;g4;type;GreatFind;persistent;true] when White seizes the initiative.} ) 17.Nde2 Rd8 18.c5 $1 {[%c_effect c5;square;c5;type;GreatFind;persistent;true] Another powerful decision. Mishra was correctly afraid that after the possible c6-c5 his pieces would lack air.} 18...Ne8 ( {If} 18...d5 19.Na4 {when the white pieces can make very good use of the outposts on the d4- and the b6-squares, as well as the long diagonal.} ) 19.Na4 Bxb2 20.Qxb2 {The more powerful of the black bishops has been swapped off, and Aronian has to think about his own king safety.} 20...Nd5 {If anything, Black can activate his knights.} 21.Qc1 Nef6 22.Nd4 {Mishra had already seen his next move.} ( 22.h3 $5 {[%c_effect h3;square;h3;type;Interesting;persistent;true] made sense as well, when Black would have likely played} 22...h6 {followed by g6-g5.} ) 22...Ng4 {It seems as if White needs to retreat into defense.} 23.Nb6 $1 {[%c_effect b6;square;b6;type;GreatFind;persistent;true] Nope, he is instead swapping off the more active black knight.} 23...Nxb6 24.cxb6 Qxb6 25.h3 Nf6 {The decisive mistake, according to the younger player.} ( {He suggested instead} 25...c5 $1 {[%c_effect c5;square;c5;type;GreatFind;persistent;true] as Black's best hope, when after} 26.hxg4 cxd4 27.Rxd4 {White is somewhat better, and has a clear plan of trippling his piecces along the d-file, but nothing is decided yet.} 27...Be6 ( 27...d5 28.g5 ) 28.g5 ) 26.Qxc6 Qxc6 27.Nxc6 Rd7 28.Rac1 {The endgame is very difficult for Aronian, or perhaps just strategically lost.} 28...Bb7 29.Na5 {White has the better pieces, the better pawn structure, and the possibility to gradually improve his position.} 29...d5 ( {Perhaps} 29...Bd5 30.Bf1 Bf7 31.Kf2 {was somewhat more resilient.} ) 30.Bf1 Kf7 31.b4 Rg8 {The last chance to do something.} 32.Kf2 {White simply ignores his opponent's try.} 32...g5 33.a3 gxf4 34.gxf4 Rg6 35.Nb3 Rh6 36.Nd4 Rh5 37.Rc5 {Many roads lead to Rome.} ( 37.a4 $5 {[%c_effect a4;square;a4;type;Interesting;persistent;true] would also suffice.} ) 37...Ng8 38.Rdc1 Ne7 39.a4 Rh6 40.a5 $1 {[%c_effect a5;square;a5;type;GreatFind;persistent;true] Creating a more distant outside passer.} 40...Kf8 41.b5 axb5 42.Bxb5 Rdd6 43.Rc7 {The decisive infiltration.} 43...Ba6 44.Bxa6 ( {Or} 44.Rxe7 Kxe7 45.Nxf5+ ) 44...Rxa6 45.Rb1 ( {The end could have been} 45.Rb1 Rxa5 46.Rb8+ Kf7 47.Rxe7+ $1 {[%c_effect e7;square;e7;type;GreatFind;persistent;true]} 47...Kxe7 48.Nxf5+ ) 1-0

[Event "U.S. Women's Championship"]
[Site "St Louis"]
[Date "2023.10.11"]
[Round "6.5"]
[White "Zatonskih, Anna"]
[Black "Yu, Jennifer"]
[Result "1-0"]
[WhiteElo "2363"]
[BlackElo "2294"]
[EventDate "2023.??.??"]
[Annotator "Bojkov,Dejan"]
[PlyCount "69"]
[Beauty "8045547510824"]
[EventCountry "USA"]
[WhiteTeam "United States"]
[BlackTeam "United States"]
[WhiteTeamCountry "USA"]
[BlackTeamCountry "USA"]

1.d4 d5 2.c4 e6 3.Nc3 Bb4 {Yu decided to surpise her opponent in the opening and, strictly speaking, the outcome was well beyond expectations.} 4.Qb3 {\"This was already no preparation.\" (Zatonskih) She remembered that four years ago at the Cairns Cup Harika had also opted for 3...Bb4 against her, but that was all...} ( 4.a3 Bxc3+ 5.bxc3 c6 6.Qb3 Nf6 7.Bg5 Nbd7 8.e3 O-O 9.Bd3 dxc4 10.Bxc4 Nb6 11.Bxf6 Qxf6 12.Nf3 Nd7 13.O-O b6 14.Rad1 Bb7 {Zatonskih,A (2428)-Harika,D (2471) Saint Louis 2019} ) ( {Actually, that same year Zatonskih faced the opening twice, and it seems she didn't remember the second game at all.} 4.e3 dxc4 5.Bxc4 a6 6.Nf3 b5 7.Bd3 Bb7 8.a4 c6 9.O-O Nf6 10.e4 Nbd7 11.e5 Nd5 12.Nxd5 cxd5 13.axb5 {and White later won in Zatonskih,A (2420)-Zawadzka,J (2400) Wroclaw 2019} ) 4...Nc6 {Yu also started to think deeply from here onwards, and the result of this strategy of trying to outwit your opponent was serious mutual time-trouble at the end.} 5.Nf3 a5 ( {Black can also develop with:} 5...Nf6 6.Bg5 dxc4 7.Qxc4 O-O 8.e3 Qd5 9.Bxf6 Qxc4 10.Bxc4 gxf6 11.Rc1 a6 12.a3 Bd6 13.Ne4 {and after} 13...f5 {White employed an excellent strategic concept with} 14.Nxd6 cxd6 15.d5 Ne7 16.Bb3 Nxd5 17.Bxd5 exd5 18.Nd4 {Yilmaz,M (2630) -Gritsenko $146 (2309) Chess.com INT 2021} ) 6.e3 Nge7 7.Bd2 O-O {[#]} 8.a3 $146 {A logical move, and a novelty. This is a good moment to trade the strong bishop.} ( {The predecessor was an email game:} 8.Be2 b6 9.O-O Bb7 10.a3 Bxc3 11.Bxc3 a4 12.Qc2 dxc4 13.Bxc4 Nd5 14.Bd3 h6 15.Bd2 Nce7 16.e4 Nf6 17.Ne5 Rc8 18.Be3 Ne8 19.Nf3 {1/2-1/2 (19) Von Rosenberg,C (1352)-Tranquillo,M (1204) IECC email 2004} ) 8...Bxc3 ( 8...a4 9.Qc2 {would have forced the trade anyway.} ) 9.Bxc3 b6 10.Bd3 ( {Instead} 10.cxd5 exd5 11.Bb5 Ba6 {equalizes for Black.} ) 10...Ba6 11.O-O {For a while, White considered immediate play in the center, but as a strong classical player she decided to finish her development first.} ( {Rightly so $1} 11.e4 {would have backfired after} 11...a4 12.Qa2 Ng6 $1 {[%c_effect g6;square;g6;type;GreatFind;persistent;true] when White's position is loose.} ) 11...a4 ( {It was also possible to play for a light-square blockade with} 11...dxc4 12.Bxc4 Bxc4 13.Qxc4 Qd5 14.Qe2 f5 {(Zatonskih) White thought that this would be a better version for her opponent, with the black pawn on a5 rather than a4. In any case, White can hope for some advantage in the future by preparing f2-f3 and the e3-e4 break, whereas Black is practically forced to stick to a sit-and-wait strategy.} ) 12.Qa2 dxc4 13.Bxc4 Bb7 {Starting a risky approach. Yu allows her opponent to seize the center.} ( {As mentioned earlier} 13...Bxc4 14.Qxc4 Qd5 15.Qe2 f5 {was again an option for Black (Zatonskih)} ) 14.e4 Na5 15.Bd3 Ng6 {But then Black quickly counter-attacks it. Now everything will depend on the ability of White to hold on to the strong center. If it collapses, it will be Black who seizes the initiative on the kingside.} 16.Rfe1 Nf4 17.Bc2 f5 $1 {[%c_effect f5;square;f5;type;GreatFind;persistent;true] Time is key here, and this aggression is fully justified.} ( {But there was another interesting try} 17...Qf6 {with the idea of meeting} 18.Ne5 {in a computer-style} 18...Nb3 $1 {[%c_effect b3;square;b3;type;GreatFind;persistent;true]} 19.Bxb3 axb3 20.Qxb3 Qg5 {Although here} 21.g3 Nh3+ 22.Kg2 Nf4+ 23.Kh1 {does not yet seem to yield Black anything concrete.} ) 18.Bd2 fxe4 19.Bxe4 Bd5 {Suddenly, the game has opened up and now any mistake might be the last. White hopes that her central control will be enough to repel any counter-attack, whereas Black in turn believes that the opponent's pieces might be a little too far to come to the assistance of the white king.} 20.Qb1 Nb3 {A very logical idea, to get this piece back into the game, but not the best one....} ( {Yu would have done better had she concentrated on the enemy king with} 20...Nh3+ $3 {[%c_effect h3;square;h3;type;Brilliant;persistent;true]} 21.gxh3 Rxf3 22.Bxf3 Bxf3 23.Qd3 {Black has full compensation for the exchange thanks to her total light-square dominance. In fact, it is extremely difficult to repel the attack even without time-trouble, and Black can try a few things, for example:} 23...Qf6 {When the machine finds the best defense to be} ( {Or} 23...Bd5 $5 {[%c_effect d5;square;d5;type;Interesting;persistent;true] in response to which White needs to reduce the attacking potential of the opponent with} 24.Bxa5 Rxa5 25.Re3 ) ( {Or} 23...Bb7 24.d5 $1 {[%c_effect d5;square;d5;type;GreatFind;persistent;true] In all these lines, White's decisions are far more difficult to execute.} ) 24.Rxe6 Qxe6 25.Qxf3 Rf8 26.d5 Qd7 27.Qe4 Nb3 28.Rd1 Nxd2 29.Rxd2 Qxh3 {with a likely draw.} ) 21.Bxf4 ( {White decided to avoid the line} 21.Bxh7+ Kh8 22.Bxf4 {due to the strong} 22...Bxf3 $1 {[%c_effect f3;square;f3;type;GreatFind;persistent;true]} 23.Bg3 ( {Apparently} 23.Be5 {is stronger, when nothing is clear after} 23...Qh4 24.Bg6 Nxa1 25.gxf3 Nb3 26.Qd3 ) 23...Nxa1 {(Zatonskih)} ) 21...Rxf4 22.Bxh7+ Kf8 $1 {[%c_effect f8;square;f8;type;GreatFind;persistent;true] Now the king moves to a safer square.} ( {After} 22...Kh8 23.Ne5 $1 {[%c_effect e5;square;e5;type;GreatFind;persistent;true]} 23...Nxa1 {White would have a pleasant choice between a material advantage with} 24.Ng6+ ( {or a decisive attack with} 24.Re3 $1 {[%c_effect e3;square;e3;type;GreatFind;persistent;true]} ) 24...Kxh7 25.Nxf4+ Kg8 26.Qxa1 ) 23.Ne5 {The culmination of the game.} 23...Rxd4 {And a blunder $1} ( {The only move was} 23...Rf6 24.Qd3 Nxa1 25.Rxa1 $13 {/= (Zatonskih) when it is easier to play as White with the initiative, but nothing is yet decided.} ) ( {Weaker is} 23...Qg5 24.Ng6+ Kf7 25.Nxf4 Qxf4 26.Qg6+ $1 {[%c_effect g6;square;g6;type;GreatFind;persistent;true]} 26...Kf8 27.Rad1 {with an edge for White.} ) 24.Qg6 $1 {[%c_effect g6;square;g6;type;GreatFind;persistent;true] Yu might have missed this strong intermezzo.} 24...Qe8 25.Qg3 $1 {[%c_effect g3;square;g3;type;GreatFind;persistent;true] This is the thing—now Zatonskih keeps both her material and the attack.} 25...Ra7 ( {As there is no time for} 25...Nxa1 26.Ng6+ {when the black queen takes away the e8-square from her king.} ) 26.Ng6+ Kf7 27.Rad1 $1 {[%c_effect d1;square;d1;type;GreatFind;persistent;true] Another powerful move.} 27...c5 ( 27...Rxd1 28.Qf4# ) 28.Rxd4 Nxd4 29.Qf4+ Nf5 30.g4 {Winning the knight and the game.} 30...Qd8 31.gxf5 Qf6 32.fxe6+ Bxe6 33.Nh8+ Ke7 34.Bf5 g5 35.Qe4 1-0